00000000nam##2200000za#4500
0019.535613
003CaOODSP
00520200327080703
007ta
008150406|2001||||xxc|||||     f|0| 0 fre|d
020 |a0-660-61726-9
040 |aCaOODSP|bfre
041 |aeng
041 |afre
043 |an-cn---
0861 |aBT31-4/11-2001
1101 |aCanada. |bConseil du trésor.
24510|aGendarmerie royale du Canada
260 |aOttawa - Ontario : |bSecrétariat du Conseil du Trésor du Canada |c2001.
300 |aTexte français, 59p. : |btableaux ; |c28 cm.
4901 |aRapport sur le rendement pour la période se terminant le 31 mars 2001
546 |aBilingue
563 |aCouverture souple
590 |a01-46|b2001-11-16
69107|aPrévisions budgétaires|2gcpds
69107|aService de police|2gcpds
69107|aInstitution fédérale|2gcpds
7760#|tRoyal Canadian Mounted Police, performance report for the period ending March 31, 2001 |w(CaOODSP)9.569129
7760#|tGendarmerie royale du Canada, rapport sur le rendement pour la période se terminant le 31 mars 2001 |w(CaOODSP)9.600368
791 |tRoyal Canadian Mounted Police |eeng|w(CaOODSP)9.535612
830#0|aRapport sur le rendement pour la période se terminant le 31 mars 2001.|w(CaOODSP)9.508981